| 000 -LEADER |
| fixed length control field |
01161cam a2200289 a 4500 |
| 001 - CONTROL NUMBER |
| control field |
01326914 |
| 003 - CONTROL NUMBER IDENTIFIER |
| control field |
OSt |
| 005 - DATE AND TIME OF LATEST TRANSACTION |
| control field |
20221227135002.0 |
| 008 - FIXED-LENGTH DATA ELEMENTS--GENERAL INFORMATION |
| fixed length control field |
041001s2004 nyua c 000 1 eng d |
| 010 ## - LIBRARY OF CONGRESS CONTROL NUMBER |
| LC control number |
2004013213 |
| 020 ## - INTERNATIONAL STANDARD BOOK NUMBER |
| International Standard Book Number |
9780064410144 |
| 040 ## - CATALOGING SOURCE |
| Original cataloging agency |
wpl |
| Transcribing agency |
wpl |
| Modifying agency |
KH8 |
| 082 04 - DEWEY DECIMAL CLASSIFICATION NUMBER |
| Classification number |
FIC SNI |
| Item number |
Se67 |
| 100 1# - MAIN ENTRY--PERSONAL NAME |
| Personal name |
Snicket, Lemony. |
| Relator term |
AUTHOR |
| 245 14 - TITLE STATEMENT |
| Title |
The Grim Grotto / |
| Statement of responsibility, etc. |
by Lemony Snicket ; illustrations by Brett Helquist. |
| 250 ## - EDITION STATEMENT |
| Edition statement |
1st ed. |
| 260 ## - PUBLICATION, DISTRIBUTION, ETC. |
| Place of publication, distribution, etc. |
New York : |
| Name of publisher, distributor, etc. |
HarperCollins Publishers, |
| Date of publication, distribution, etc. |
c2004. |
| 300 ## - PHYSICAL DESCRIPTION |
| Extent |
323 p. : |
| Other physical details |
ill. ; |
| Dimensions |
19 cm. |
| 440 #2 - SERIES STATEMENT/ADDED ENTRY--TITLE |
| Title |
A series of unfortunate events ; |
| Volume/sequential designation |
bk. 11. |
| 520 ## - SUMMARY, ETC. |
| Summary, etc. |
Still pursued by the evil Count Olaf, the Baudelaire orphans attempt to reach a very important VFD meeting, but first they must travel in a rattletrap submarine to the Gorgonian Grotto, a dangerous underwater cave, in search of the sugar bowl. |
| 650 #0 - SUBJECT ADDED ENTRY--TOPICAL TERM |
| Topical term or geographic name entry element |
Brothers and sisters |
| Form subdivision |
Juvenile fiction. |
| 650 #0 - SUBJECT ADDED ENTRY--TOPICAL TERM |
| Topical term or geographic name entry element |
Submarines (Ships) |
| Form subdivision |
Juvenile fiction. |
| 650 #0 - SUBJECT ADDED ENTRY--TOPICAL TERM |
| Topical term or geographic name entry element |
Orphans |
| Form subdivision |
Juvenile fiction. |
| 700 1# - ADDED ENTRY--PERSONAL NAME |
| Personal name |
Helquist, Brett. |
| Relator term |
ILLUSTRATOR |
| 800 1# - SERIES ADDED ENTRY--PERSONAL NAME |
| Personal name |
Snicket, Lemony. |
| Title of a work |
Series of unfortunate events ; |
| Volume/sequential designation |
bk. 11. |
| 942 ## - ADDED ENTRY ELEMENTS (KOHA) |
| Source of classification or shelving scheme |
|
| Koha item type |
Books - Fiction |